Memorias IX Simposio Latinoamericano de Percepción Remota. /
Guardado en:
| Autores Corporativos: | , , |
|---|---|
| Formato: | Electrónico |
| Idioma: | Undetermined |
| Publicado: |
[Buenos Aires] :
SELPER,
[2000]
|
| Etiquetas: |
Agregar Etiqueta
Sin Etiquetas, Sea el primero en etiquetar este registro!
|
| LEADER | 00874nmm a22001695a 4500 | ||
|---|---|---|---|
| 001 | EEA.libagro010421 | ||
| 005 | 20180611124222.0 | ||
| 008 | 150617s2000####ag#########m########und#d | ||
| 082 | 0 | 4 | |a 621.3678 |
| 082 | 0 | 4 | |a 778.35 |
| 111 | 2 | |a Simposio Latinoamericano de Percepción Remota |n (9 : |d 6 al 10 de noviembre de 2000 : |c Puerto Iguazú, Misiones) | |
| 245 | 1 | 0 | |a Memorias |h [recurso electrónico] : |b IX Simposio Latinoamericano de Percepción Remota. / |c Universidad Nacional de Luján, Sociedad de Especialistas Lationamericanos en Percepción remota y Sistemas de Información Espacial. |
| 260 | |a [Buenos Aires] : |b SELPER, |c [2000] | ||
| 300 | |a 1 CD-ROM. | ||
| 710 | 2 | |a Universidad Nacional de Luján. | |
| 710 | 2 | |a Sociedad de Especialistas Lationamericanos en Percepción remota y Sistemas de Información Espacial. | |
| 859 | |a AR-BbBCA |b BIB. AGRONOMIA |h 621.3678 |i S612 9 2000 cd |p 2001/4182 | ||
